|
|
|
|
| LEADER |
00000nab a2200000 a 4500 |
| 001 |
vtls009325888 |
| 003 |
SK-MaSNL |
| 005 |
20260305014806.0 |
| 008 |
250506c2008 xo |||||| b ||00 b|slo |
| 015 |
|
|
|a SNBRB2008/08
|2 snkbucl
|
| 035 |
|
|
|a (uuid)96cffaf5-c631-4951-a909-99d3ad91f528
|
| 035 |
|
|
|a urn:nbn:sk:snk-ab9uxe
|
| 035 |
|
|
|a (urnnbn)urn:nbn:sk:snk:ar-a08xg4
|
| 038 |
|
|
|a SNKBUCL
|
| 040 |
|
|
|a SNKBUCL
|b slo
|c SNKBUCL
|e AACR2
|
| 041 |
0 |
|
|a slo
|
| 044 |
|
|
|a xo
|c SK
|
| 080 |
|
|
|a 378.4:284
|x (437.6)
|x "18"
|2 1997
|
| 080 |
|
|
|a 378.093:80
|x (437.6)
|x "18"
|2 1997
|
| 100 |
1 |
|
|a Mrva, Ivan,
|d 1954-
|4 aut
|9 92955
|
| 245 |
1 |
0 |
|a Katedra reči a literatúry československej alebo Slovenská katedra?
|c Ivan Mrva
|
| 504 |
|
|
|a Bibliogr. odkazy a pramene v poznámkach
|
| 610 |
2 |
7 |
|a Evanjelické lýceum v Bratislave.
|b Slovenská katedra
|2 snkbucl
|9 215851
|
| 773 |
0 |
|
|t Historický zborník
|g Roč. 18, č. 1 (2008), s. 161-164
|x 1335-8723
|
| 850 |
|
|
|a Slovenská národná knižnica
|
| 852 |
|
|
|a Slovenská národná knižnica
|
| 954 |
|
|
|a odborná, vedecká literatúra pôvodná (slovenská)
|2 lita
|
| 958 |
|
|
|a article13
|
| 958 |
|
|
|a OND
|
| 958 |
|
|
|a NB
|
| 958 |
|
|
|a EUIPO
|
| 999 |
|
|
|c 3271421
|d 3273351
|